30 titres de chansons en F - Statistiques

Statistiques générales
  • Ce quiz a été pris 79 fois
  • Le résultat moyen est 10 sur 30
Statistiques - réponses
Hint Réponse % Correct
Fatal Bazooka Fous ta cagoule
69%
Edith Piaf La foule
69%
Cookie Dingler Femme liberée
67%
K-Maro Femme like you
66%
Stromae Formidable
59%
Katy Perry Firework
57%
Calogero et Passi Face à la mer
56%
Robbie Williams Feel
49%
Alain Souchon Foule sentimentale
49%
Miley Cyrus Flowers
47%
Joyce Jonathan et Vianney Les filles d'aujourd'hui
47%
Pascal Obispo Fan
36%
Charlotte Cardin Feel Good
34%
Gala Freed from desire
33%
Camélia-Jordana Facile
31%
Fernandel Félicie aussi
30%
Shy'm Femme de couleur
27%
Alicia Keys Fallin
26%
Julien Clerc Femme je vous aime
23%
Serge Lama Femme femme femme
19%
Juliette Armanet Flamme
16%
Angèle Flou
16%
Lio Fallait pas commencer
13%
Pharrell Williams Freedom
13%
Jean-Jacques Goldman Famille
11%
Soprano Fragile
9%
David Guetta Forever young
4%
Slimane Frérot
4%
Joe Dassin La fleur aux dents
1%
Michel Sardou Femme des années 90
0%
Aucun quiz correspondant
Distribution des résultats
% des personnes avec chaque résultat
Percentile par nombre de réponses
Votre historique - résultats
Vous n’avez pas pris ce quiz